[Event "Leuven op 19th"]
[Site "Leuven"]
[Date "2007.??.??"]
[Round "2"]
[White "Duhayon, Yves"]
[Black "Lamine, Michel"]
[Result "1-0"]
[WhiteElo "2225"]
[BlackElo "1640"]
[PlyCount "45"]
[EventDate "2007.11.??"]
[EventType "swiss"]
[EventRounds "7"]
[EventCountry "BEL"]
[SourceTitle "EXT 2010"]
[Source "ChessBase"]
[SourceDate "2010.11.25"]
[SourceVersion "1"]
[SourceVersionDate "2010.11.25"]
[SourceQuality "1"]

1. d4 Nf6 2. c4 e6 3. Nc3 Bb4 4. Bg5 d5 5. e3 c6 6. cxd5 exd5 7. Bd3 0-0 8. Qc2 h6 9. Bh4 Nbd7 10. Nge2 Qc7 11. 0-0-0 b6 12. g4 Be7 13. g5 Nh5 14. Nxd5 Qd6 15. Nxe7+ Qxe7 16. Rhg1 Qe6 17. gxh6 Qxh6 18. Bg5 Qd6 19. Nf4 Ndf6 20. Qe2 Nxf4 21. Bxf4 Qd5 22. Be5 Bg4 23. Bxf6 1-0

[Event "Internet Section 06A g/8'+2\""]
[Site "Dos Hermanas"]
[Date "2004.03.06"]
[Round "6"]
[White "Lamine, Michel"]
[Black "Bentley, John L"]
[Result "0-1"]
[WhiteElo "1830"]
[BlackElo "2211"]
[PlyCount "76"]
[EventDate "2004.03.06"]
[EventType "swiss (blitz)"]
[EventRounds "9"]
[EventCountry "ESP"]
[SourceTitle "CBM 099 Extra"]
[Source "ChessBase"]
[SourceDate "2004.05.04"]
[SourceVersion "1"]
[SourceVersionDate "2004.05.04"]
[SourceQuality "1"]

1. e4 c5 2. Nf3 Nc6 3. d4 cxd4 4. Nxd4 Nf6 5. Nc3 e5 6. Ndb5 d6 7. Bg5 a6 8. Na3 b5 9. Bxf6 gxf6 10. Nd5 f5 11. c3 Bg7 12. exf5 Bxf5 13. Nc2 0-0 14. a4 Ne7 15. Bd3 Be6 16. Be4 Rc8 17. axb5 axb5 18. 0-0 Rc4 19. Qd3 f5 20. Nxe7+ Qxe7 21. Bd5 e4 22. Qd2 Be5 23. Na3 Rc5 24. Bxe6+ Qxe6 25. Qg5+ Kh8 26. Nc2 Rg8 27. Qe3 Qg6 28. g3 f4 29. Qe1 e3 30. Nxe3 fxe3 31. Qxe3 h5 32. Ra6 h4 33. Rd1 hxg3 34. hxg3 Rc4 35. Rd5 Re4 36. Qd2 Bxg3 37. fxg3 Qxg3+ 38. Kf1 Qg1# 0-1

[Event "Internet Section 06A g/8'+2\""]
[Site "Dos Hermanas"]
[Date "2004.03.06"]
[Round "2"]
[White "Lamine, Michel"]
[Black "Skembris, Spyridon"]
[Result "1/2-1/2"]
[WhiteElo "1769"]
[BlackElo "2439"]
[PlyCount "107"]
[EventDate "2004.03.06"]
[EventType "swiss (blitz)"]
[EventRounds "9"]
[EventCountry "ESP"]
[SourceTitle "CBM 099 Extra"]
[Source "ChessBase"]
[SourceDate "2004.05.04"]
[SourceVersion "1"]
[SourceVersionDate "2004.05.04"]
[SourceQuality "1"]

1. e4 c6 2. d4 d5 3. Nc3 dxe4 4. Nxe4 Nf6 5. Nxf6+ gxf6 6. c3 Bf5 7. Nf3 Nd7 8. g3 e6 9. Bg2 Bg4 10. Qb3 Qb6 11. Nd2 Qxb3 12. Nxb3 0-0-0 13. Be3 h5 14. h3 Bf5 15. Nd2 h4 16. g4 Bd3 17. Be4 Bxe4 18. Nxe4 Bh6 19. Nd6+ Kc7 20. Nxf7 Bxe3 21. fxe3 Nb6 22. Nxh8 Rxh8 23. Rf1 Rh6 24. 0-0-0 Nc4 25. Rf3 Nd6 26. Rdf1 f5 27. gxf5 exf5 28. Rxf5 Nxf5 29. Rxf5 Rg6 30. Rf4 Rg3 31. Rxh4 Rxe3 32. Kd2 Rg3 33. Rh7+ Kb6 34. Kc2 a5 35. Kb3 Ka6 36. Rh6 Rg2 37. h4 Rh2 38. h5 Kb5 39. a4+ Kb6 40. d5 Kc7 41. d6+ Kd7 42. c4 Rh3+ 43. Ka2 b6 44. b3 Rh2+ 45. Ka3 c5 46. Rh7+ Kxd6 47. h6 Kc6 48. Rh8 Kb7 49. Rh7+ Kb8 50. Rh8+ Kb7 51. Rh7+ Ka6 52. Rh8 Ka7 53. Rh7+ Ka6 54. Rh8 1/2-1/2